<?xml version="1.0" encoding="UTF-8"?>
<marc:record xmlns:marc="http://www.loc.gov/MARC21/slim">
   <marc:leader>00000nam a2200000 a 4500</marc:leader>
   <marc:datafield ind1="1" ind2=" " tag="100">
      <marc:subfield code="a">Janosch</marc:subfield>
      <marc:subfield code="4">aut</marc:subfield>
      <marc:subfield code="e">Verfasser/-in</marc:subfield>
   </marc:datafield>
   <marc:datafield ind1="0" ind2="0" tag="245">
      <marc:subfield code="a">Komm, wir finden einen Schatz. Post für den Tiger und neun weitere tolle Folgen</marc:subfield>
   </marc:datafield>
   <marc:datafield ind1="0" ind2="0" tag="245">
      <marc:subfield code="b">Der Janosch-Zeichentrick-Klassiker. DVD 2</marc:subfield>
   </marc:datafield>
   <marc:datafield ind1="0" ind2="0" tag="245">
      <marc:subfield code="c">Janosch</marc:subfield>
   </marc:datafield>
   <marc:datafield ind1=" " ind2="1" tag="264">
      <marc:subfield code="a">Weinheim, Bergstr</marc:subfield>
      <marc:subfield code="b">Beltz, J</marc:subfield>
      <marc:subfield code="c">2008</marc:subfield>
   </marc:datafield>
   <marc:datafield ind1=" " ind2=" " tag="250">
      <marc:subfield code="a">1. Aufl.</marc:subfield>
   </marc:datafield>
   <marc:datafield ind1="1" ind2=" " tag="520">
      <marc:subfield code="a">Angaben aus der Verlagsmeldung

Komm, wir finden einen Schatz. Post für den Tiger und neun weitere tolle Folgen : Der Janosch-Zeichentrick-Klassiker. DVD 2 / von Janosch

Der kleine Bär, Tiger, der Waldbär oder der Frosch stehen im Mittelpunkt der je Episode in sich abgeschlossenen Geschichten. So wie beispielsweise »Oh, wie schön ist Panama« in der der kleine Bär und der Tiger sich auf die Suche nach dem Land Panama machen oder »Popov und die Geschichte vom Schloss«, in der der Vogel Kleiber seinem Freund Popov das Fliegen beibringt.
</marc:subfield>
   </marc:datafield>
   <marc:datafield ind1=" " ind2=" " tag="020">
      <marc:subfield code="a">9783407730220</marc:subfield>
      <marc:subfield code="9">9783407730220</marc:subfield>
   </marc:datafield>
   <marc:datafield ind1=" " ind2=" " tag="041">
      <marc:subfield code="a">ger</marc:subfield>
   </marc:datafield>
</marc:record>
